000 00550nam a2200205 i 4500
001 147075
003 ES-MaACL
007 t|
008 070921s1953 sp ||||1| spa d
080 _a621.396.62
100 1 _aDarkness, R. J.
_942731
245 1 0 _aRadio mecánica /
_cR.J. de Darkness [seud.].
250 _a1ª ed.
260 _aBarcelona :
_bBruguera,
_c1953.
300 _a238 p. :
_bil. ;
_c20 cm.
490 1 _aTécnica al día
830 0 _aTécnica al día
_9187437
852 _aES-MaACL
_jC-6084
_bR.35312
999 _c147075
_d147075